| 000 | 00561nam a2200181Ia 4500 | ||
|---|---|---|---|
| 999 |
_c5013 _d5013 |
||
| 020 | _a0-19-567948-2 | ||
| 082 | _a323 SHA-A | ||
| 100 | _aSharma, Arvind | ||
| 245 | 0 | _aAre human rights western? a contribution to the dialogue of civilizations | |
| 260 |
_aNew Delhi _bOxford University Press _c2006 |
||
| 300 | _axvii, 289 | ||
| 504 | _aincludes bibliography and index | ||
| 650 |
_aHuman rights _vReligious aspects |
||
| 650 |
_aHuman rights _vSocial aspects |
||
| 650 |
_aHuman rights _vEconomic aspects |
||
| 650 |
_aHuman rights _vPhilosophy |
||
| 942 | _cBK | ||